Вып. 4 : Влияние производственной деятельности человека на гидрогеологические и инженерно-геологические условия; Гидрогеология СССР; Гидрогеологические и инженерно-геологические закономерности

Detalhes bibliográficos
Parent link:Гидрогеология СССР
Гидрогеологические и инженерно-геологические закономерности: Сводный том в пяти выпусках с атласом карт/ Всесоюзный научно-исследовательский институт гидрогеологии и инженерной геологии; Гл. ред. А. В. Сидоренко. Вып. 4 : Влияние производственной деятельности человека на гидрогеологические и инженерно-геологические условия
Outros Autores: Гармонов И. В. (редактор)
Idioma:russo
Publicado em: 1973
Assuntos:
Formato: Livro
KOHA link:https://koha.lib.tpu.ru/cgi-bin/koha/opac-detail.pl?biblionumber=47719

MARC

LEADER 00000nam2a2200000 4500
001 47719
005 20231031030414.0
035 |a (RuTPU)RU\TPU\book\49857 
090 |a 47719 
100 |a 20030220d1973 k y0rusy50 ca 
101 0 |a rus 
102 |a RU 
105 |a a z 001zy 
200 0 |a Вып. 4 : Влияние производственной деятельности человека на гидрогеологические и инженерно-геологические условия  |f под ред. И. В. Гармонов 
210 |d 1973 
215 |a 278 с.  |c ил. 
320 |a Библиогр.: с. 270-278. 
461 1 |0 (RuTPU)RU\TPU\book\49821  |t Гидрогеология СССР 
461 |t Гидрогеологические и инженерно-геологические закономерности  |o Сводный том в пяти выпусках с атласом карт  |f Всесоюзный научно-исследовательский институт гидрогеологии и инженерной геологии; Гл. ред. А. В. Сидоренко  |v Вып. 4 : Влияние производственной деятельности человека на гидрогеологические и инженерно-геологические условия 
610 1 |a гидрогеология 
610 1 |a СССР 
610 1 |a производственная деятельность 
610 1 |a гидрогеологическое условия 
610 1 |a инженерно-геологическая характеристика 
610 1 |a воды подземные 
610 1 |a водохранилища 
610 1 |a загрязнение 
675 |a 556.3(47+57)  |v 3 
675 |a 624.13:55  |v 3 
702 1 |a Гармонов  |b И. В.  |4 340 
801 1 |a RU  |b 63413507  |c 20030220  |g PSBO 
801 2 |a RU  |b 63413507  |c 20190729  |g PSBO 
942 |c BK